Introduction aux systemes socialistes de Vilfredo Pareto (Registro nro. 312084)

Detalles MARC
000 -ENCABEZADO
Número de control [NR] 00621 a2200181 4500
005 - FECHA Y HORA DE LA ÚLTIMA TRANSACCIÓN
control field 20190806102633.0
008 - DE LONGITUD FIJA DE DATOS DE ELEMENTOS - INFORMACIÓN GENERAL
Elementos de longitud fija [NR] 190523s1987 xxc||||| |||| 00| 0 fre d
020 ## - NUMERO INTERNACIONAL NORMALIZADO PARA LIBROS [R]
Número Internacional Normalizado del libro [NR] 2890373622
040 ## - FUENTE DE CATALOGACION [NR]
Agencia de catalogación original [NR] CO-BoUCM
Idioma de catalogación [NR] spa
Quien Cataloga Saul Niño
Quien Clasifica Saul Niño
041 ## - CODIGO DE IDIOMA [R]
Código de idioma para texto/pista de sonido o título separado [R] Francés
100 ## - ASIENTO PRINCIPAL--NOMBRE PERSONAL [NR]
Nombre personal [NR] Moniére, Denis
ID Autoridad 96394
245 ## - MENCION DE TITULO [NR]
Título [NR] Introduction aux systemes socialistes de Vilfredo Pareto
Mención de responsabilidad, etc. [NR] Denis Moniere, Jean H. Guay
260 ## - PUBLICACION, DISTRIBUCION, ETC. (PIE DE IMPRENTA) [R]
Lugar de publicación, distribución, etc. [R] Montreal
Nombre del editor, distribuidor, etc. [R] Bibliotheque Nationale du Quebec
Fecha de publicación, distribución, etc. [R] 1987
546 ## - NOTA DE IDIOMA [R]
Nota de idioma [NR] Texto en fránces
650 #7 - ASIENTO SECUNDARIO DE MATERIA - TERMINO TEMATICO [R]
9 (RLIN) 340
Término temático o nombre geográfico como elemento de entrada [NR] Ciencia política
942 ## - ELEMENTOS DE ENTRADA AGREGADOS (KOHA)
Tipo de ítem principal el descrito en 300a Libro
Sistema de clasificación DEWEY
Tema principal Ciencia política
Edición 1
Clasificación 320.01
Parte restante de la signatura top. M744i
Título oculto en OPAC No
Existencias
Total préstamos Signatura topográfica Código de barras Última vez visto Ejemplar Costo de reposición Price effective from Tipo de ítem Perdido Sistema de clasificación Dañado No prestable Tipo de ítem específico Suprimido Ubicación habitual Ubicación actual Localización Fecha de creación Proveedor Forma de adquisición Costo
  320.01 M744i 100160057 09/12/2024 Ej.1 26000.00 30/04/2019 Libro   DEWEY     Libro   BodegaJK Claustro Préstamo 2 días después de solicitado 30/04/2019 12 Donación 0.00